000 00202nam a22000857a 4500
001 1236327
005 20251001161007.0
245 _aHIZLI TOSBİ
_cİSMET BERTAN
260 _bGÜNIŞIĞI KİTAPLIĞI YAYINLARI
999 _c1236327
_d1236327